Newcastle United Squad 2013/14 - Statistics

General Stats
  • This quiz has been taken 554 times
  • The average score is 16 of 29
Answer Stats
Hint Answer % Correct
1 Tim Krul
96%
9 Papiss Cisse
92%
2 Fabricio Coloccini
86%
27 Steven Taylor
82%
4 Yohan Cabaye
82%
16 Ryan Taylor
81%
10 Hatem Ben Arfa
74%
24 Cheick Tiote
71%
3 Davide Santon
70%
7 Moussa Sissoko
66%
6 Mike Williamson
65%
23 Shola Ameobi
64%
28 Sammy Ameobi
63%
21 Rob Elliot
62%
11 Yoan Gouffran
60%
8 Vurnon Anita
57%
26 Mathieu Debuchy
55%
14 Loic Remy
53%
18 Jonas Gutierrez
52%
25 Gabriel Obertan
48%
36 Paul Dummett
48%
19 Massadio Haidara
41%
13 Mapou Yanga-Mbiwa
31%
49 Adam Campbell
30%
22 Sylvain Marveaux
27%
20 Gael Bigirimana
24%
42 Jak Alnwick
21%
44 Remie Streete
11%
33 Curits Good
10%
No matching quizzes found
Score Distribution
Percent of People with Each Score
Percentile by Number Answered
Your Score History
You have not taken this quiz